Ο τελευταίος πειρασμός
Αποθηκεύτηκε σε:
| Κύριος συγγραφέας: | |
|---|---|
| Μορφή: | Βιβλίο |
| Γλώσσα: | Greek |
| Δημοσίευση: |
Αθήναι :
Ελ. Καζαντζάκη,
1973
|
| Έκδοση: | 8η έκδ. |
| Θέματα: | |
| Ετικέτες: |
Προσθήκη ετικέτας
Δεν υπάρχουν, Καταχωρήστε ετικέτα πρώτοι!
|
MARC
| LEADER | 00000cam a2200000 i 4500 | ||
|---|---|---|---|
| 001 | 1/83241 | ||
| 008 | 050808s1973 gr | ||| |||| ||gre|| | ||
| 035 | |l 10079723 | ||
| 040 | |a GR-MY-UA |b gre |e aacr | ||
| 041 | 0 | |a gre | |
| 082 | 0 | |a 889.3 |2 (22) | |
| 100 | 1 | |a Καζαντζάκης, Νίκος, |d 1883-1957. | |
| 245 | 1 | 2 | |a Ο τελευταίος πειρασμός / |c Ν. Καζαντζάκη |
| 250 | |a 8η έκδ. | ||
| 260 | |a Αθήναι : |b Ελ. Καζαντζάκη, |c 1973 | ||
| 300 | |a 515 σ.; |c 21 εκ. | ||
| 650 | 0 | 0 | |a Greek literature, Modern. |
| 650 | 0 | 0 | |a Greek fiction. |
| 852 | |a INST |b RHODES |c KRI |e 20050808 |h 889.3 ΚΑΖ |p 005400022633 |q 005400022633 |t BK |y 0 | ||
| 901 | |a BIBL4-2005-2 | ||
| 909 | |a Ρ |b 122102 | ||
| 970 | |a ΚΟΖΑ |b ΜΑΡΙΑ |z 2005/08/05 | ||